Spell the Marvel Character #119 - Statistics

General Stats
  • This quiz has been taken 23 times
  • The average score is 6 of 7
Answer Stats
Picture Answer % Correct
Mantis
100%
Cosmo the Spacedog
89%
Iron Lad
89%
Angel
84%
Emma Frost
84%
Iceman
79%
Night Thrasher
53%
No matching quizzes found
Score Distribution
Percent of People with Each Score
Percentile by Number Answered
Your Score History
You have not taken this quiz